Winbaraku and the myth of Jarapiri / (Record no. 58641)
[ view plain ]
| 000 -LEADER | |
|---|---|
| fixed length control field | 00796cam7a220024100 4500 |
| 001 - CONTROL NUMBER | |
| control field | qce01022828 |
| 005 - DATE AND TIME OF LATEST TRANSACTION | |
| control field | 20190815093756.0 |
| 008 - FIXED-LENGTH DATA ELEMENTS--GENERAL INFORMATION | |
| fixed length control field | 750722s1968 at eng u |
| 010 ## - LIBRARY OF CONGRESS CONTROL NUMBER | |
| LC control number | 67016095 |
| 035 ## - SYSTEM CONTROL NUMBER | |
| System control number | (Sirsi) r32226 |
| 035 ## - SYSTEM CONTROL NUMBER | |
| System control number | (QCAT)lss00907706 |
| 035 ## - SYSTEM CONTROL NUMBER | |
| System control number | (UPRA)qce01022828 |
| 040 ## - CATALOGING SOURCE | |
| Modifying agency | UPRA |
| 050 0# - LIBRARY OF CONGRESS CALL NUMBER | |
| Classification number | GN475.9 |
| Item number | .M6 |
| 100 1# - MAIN ENTRY--PERSONAL NAME | |
| Personal name | Mountford, Charles Pearcy, 1890-1977. |
| Dates associated with a name | Mountford, Charles Pearcy, 1890-1977. |
| Linkage | A32068.1 |
| 245 10 - TITLE STATEMENT | |
| Title | Winbaraku and the myth of Jarapiri / |
| Statement of responsibility, etc. | [by] Charles P. Mountford. |
| 260 ## - PUBLICATION, DISTRIBUTION, ETC. | |
| Place of publication, distribution, etc. | [Adelaide] : |
| Name of publisher, distributor, etc. | Rigby, |
| Date of publication, distribution, etc. | [1968] |
| 650 #0 - SUBJECT ADDED ENTRY--TOPICAL TERM | |
| Topical term or geographic name entry element | Serpents (in religion, folk-lore, etc.) |
| Linkage | S69445.1 |
| 650 #0 - SUBJECT ADDED ENTRY--TOPICAL TERM | |
| Topical term or geographic name entry element | Mythology, Australian aboriginal. |
| Linkage | S23920.1 |
| 740 0# - ADDED ENTRY--UNCONTROLLED RELATED/ANALYTICAL TITLE | |
| Uncontrolled related/analytical title | Jarapiri. |
| 949 ## - LOCAL PROCESSING INFORMATION (OCLC) | |
| a | GN475.9 |
| w | lcc |
| i | -36997 |
| m | MAIN |
| t | BOOK |
| l | ON-SHELF |
No items available.